Loreto College Library, Kolkata
WEBOPAC (ONLINE PUBLIC ACCESS CATALOGUE)

A history of Europe (Record no. 28906)

MARC details
000 -LEADER
fixed length control field 00490nam a2200193Ia 4500
005 - DATE AND TIME OF LATEST TRANSACTION
control field 20241111114157.0
008 - FIXED-LENGTH DATA ELEMENTS--GENERAL INFORMATION
fixed length control field 131103s9999 xx 000 0 und d
040 ## - CATALOGING SOURCE
Original cataloging agency Loreto College
041 ## - LANGUAGE CODE
Language code English
082 ## - DDC | ডিউই
Classification number | বর্গসংখ্যা 900
Book Number | গ্রন্থাঙ্ক FIS
100 ## - MAIN ENTRY--PERSONAL NAME | মুখ্য সংলেখ - ব্যাক্তিনাম
Personal name | ব্যাক্তিনাম Fisher,H.A.L.
245 #2 - TITLE STATEMENT | অাখ্যা বিবরণী
Title | অাখ্যা A history of Europe
Statement of responsibility | লেখকের দায়িত্বের বিবরণ H.A.L.Fisher
260 ## - IMPRINT | প্রকাশনা ক্ষেত্র
Place of publication | প্রকাশ স্থান London
Name of publisher | প্রকাশকের নাম Edward Arnold Ltd.
Date of publication | প্রকাশ কাল 1957
300 ## - PHYSICAL DESCRIPTION |
Page / Vol. No | পৃষ্ঠা / খন্ড সংখ্যা V.1
Other physical details | অনান্য বাহ্যিক বিবরণ ill.,maps
504 ## - BIBLIOGRAPHY, ETC. NOTE
Bibliography, etc Includes index
650 ## - SUBJECT ADDED ENTRY--TOPICAL TERM | বিষয় শিরোনাম - মূল বিষয়
Topical term | মূল বিষয় Europe - Modern History
850 ## - HOLDING INSTITUTION
Holding institution LCBED
942 ## - ADDED ENTRY ELEMENTS (KOHA)
Koha item type Books
Holdings
Withdrawn status Lost status Source of classification Damaged status Not for loan Home library Current library Date acquired Total Checkouts Full call number Accession No. Date last seen Price effective from Koha item type Coded location qualifier
    Dewey Decimal Classification     Loreto College Loreto College 04/11/2013   900 FIS 3781 B31753 04/11/2013 04/11/2013 Books